LEADER 00914nam0-2200313---450- 001 990009965160403321 005 20150518131536.0 010 $a88-8409-071-7 035 $a000996516 035 $aFED01000996516 035 $a(Aleph)000996516FED01 035 $a000996516 100 $a20150518d2003----km-y0itay50------ba 101 0 $aita 102 $aIT 105 $aabef----001yd 200 1 $a<>veneti dai bei cavalli$fa cura di Luigi Malnati e Mariolina Gamba 210 $aTreviso$cCanova$aVenezia$cSoprintendenza per i beni archeologici del Veneto$cRegione del Veneto$dİ2003 215 $a111 p.$cill.$d29 cm 610 0 $aVeneti$aCiviltà 676 $a937.3 702 1$aMalnati,$bLuigi 702 1$aGamba,$bMariolina 801 0$aIT$bUNINA$gRICA$2UNIMARC 901 $aBK 912 $a990009965160403321 952 $a937.3 MAL 1$bBIBL. 2015/170$fFLFBC 959 $aFLFBC 997 $aUNINA LEADER 00926cam0-22003371i-450- 001 990006054760403321 005 19980601 010 $a3-7875-3276-5 035 $a000605476 035 $aFED01000605476 035 $a(Aleph)000605476FED01 035 $a000605476 100 $a19980601d1988----km-y0itay50------ba 101 0 $ager 102 $aDE 105 $ay---n---001yy 200 1 $aArbeitsrecht$fvon Peter Hanau und Klaus Adomeit 205 $a9. überarbeitete Auflage 210 $aFrankfurt am Main$cAlfredMetzner$d1988 215 $a274 p.$d24 cm 225 1 $aJuristische Lernbücher$x0340-5974$v1 676 $a344$v20$zita 700 1$aHanau,$bPeter$0228163 701 1$aAdomeit,$bKlaus$0230688 801 0$aIT$bUNINA$gRICA$2UNIMARC 901 $aBK 912 $a990006054760403321 952 $aCOLLEZIONE 405 (1)$b7032*$fFGBC 959 $aFGBC 996 $aArbeitsrecht$9578605 997 $aUNINA